The Way Beyond Any Way: (Record no. 185693)

MARC details
000 -LEADER
fixed length control field 00553nam a22001817a 4500
005 - DATE AND TIME OF LATEST TRANSACTION
control field 20220208120912.0
010 ## - LCCN (DPL NO)
LC control number ENG-131459
020 ## - INTERNATIONAL STANDARD BOOK NUMBER
International Standard Book Number 9788172611620
Terms of availability 975.00
035 ## - SYSTEM CONTROL NUMBER
System control number EN-114991
037 ## - SOURCE OF ACQUISITION
Source of stock number/acquisition DBAD
082 ## - DEWEY DECIMAL CLASSIFICATION NUMBER
Classification number 181.499
100 ## - MAIN ENTRY--PERSONAL NAME
Personal name Osho
245 ## - TITLE STATEMENT
Title The Way Beyond Any Way:
Remainder of title Talks on the Sarvasar Upanishad/
Statement of responsibility, etc Osho
260 ## - PUBLICATION, DISTRIBUTION, ETC. (IMPRINT)
Place of publication, distribution, etc Mumbai
Name of publisher, distributor, etc Rebel Publishing House Pvt.Ltd
Date of publication, distribution, etc 2000
270 ## - ADDRESS
Address 608 MARKERS CHAMBERS 5NARIMAN POINT
City Maharashtra
Postal code 400021
300 ## - PHYSICAL DESCRIPTION
Extent vi, 371p.
Dimensions 22cm(hbk)
942 ## - ADDED ENTRY ELEMENTS (KOHA)
Source of classification or shelving scheme Dewey Decimal Classification
Item type English Books
Classification part 181.499
Call number suffix OSH
Holdings
Withdrawn status Lost status Not for loan Collection code Home library Current library Date acquired Source of acquisition Cost, normal purchase price Full call number Barcode Copy number Cost, replacement price Koha item type
      Non-fiction Ashok Vihar Ashok Vihar 08/02/2022 DBAD/PUB 975.00 181.499 OSH EN-114991 1 975.00 English Books

© Delhi Public Library
Hit Counter
free hit counter